| 000 | 00629nam a2200193 a 4500 | ||
|---|---|---|---|
| 001 | 000032946 | ||
| 005 | 20240530073920.0 | ||
| 008 | 110804s1940 dr r 000 f spa d | ||
| 040 |
_aDO-SdBNP _bspa _cBNPHU |
||
| 082 |
_aRD863.42 _bG463g |
||
| 100 | 1 |
_aGil Álvarez, Rafael _958692 |
|
| 245 | 1 | 3 |
_aEl gallo de acero / _cRafael Gil Álvarez. |
| 260 |
_aCiudad Trujillo, República Dominicana : _bImprenta Echevarría Espaillat, _c1940. |
||
| 300 |
_a53 p. ; _c20 cm. |
||
| 590 | _aInventariado, 2018/ YL | ||
| 650 | 0 |
_aNovela dominicana _9223 |
|
| 650 | 0 |
_aLiteratura dominicana. _967 |
|
| 910 | _aValidado. Control de calidad MFF | ||
| 999 |
_c32437 _d32437 |
||